| Art - Painting/Sculpture | 0 | 9 | 2 | 0 | 80 | 31 | 95.11 | 2 | 5 | 0.00 | 0.00 |
| Art - Other | 0 | 3 | 0 | 0 | 30 | 135 | 138.33 | 0 | 0 | 0.00 | 0.00 |
| Art - Music/Opera | 0 | 4 | 2 | 2 | 30 | 95 | 123.00 | 1 | 2 | 0.00 | 0.00 |
| Literature - British long fiction | 0 | 3 | 0 | 1 | 30 | 89 | 112.33 | 0 | 1 | 0.00 | 0.00 |
| Literature - American drama | 0 | 3 | 1 | 0 | 25 | 61 | 70.00 | 1 | 3 | 0.00 | 0.00 |
| Art - Visual | 0 | 3 | 1 | 0 | 25 | 92 | 111.33 | 0 | 2 | 0.00 | 0.00 |
| Literature - European drama | 0 | 2 | 0 | 0 | 20 | 53 | 63.00 | 1 | 1 | 0.00 | 0.00 |
| Literature - World/Misc any | 0 | 2 | 0 | 0 | 20 | 24 | 69.00 | 1 | 1 | 0.00 | 0.00 |
| Literature - World/Misc long fiction | 0 | 2 | 0 | 0 | 20 | 68 | 72.50 | 0 | 1 | 0.00 | 0.00 |
| Science - Biology | 0 | 2 | 0 | 0 | 20 | 40 | 85.00 | 1 | 1 | 0.00 | 0.00 |
| Religion - Christianity/Judaism | 0 | 2 | 0 | 0 | 20 | 102 | 110.00 | 0 | 2 | 0.00 | 0.00 |
| Religion - Mixed/Any | 0 | 2 | 1 | 0 | 15 | 108 | 120.50 | 2 | 2 | 0.00 | 0.00 |
| Literature - British poetry | 0 | 2 | 1 | 0 | 15 | 62 | 90.50 | 1 | 1 | 0.00 | 0.00 |
| Social Science - Sociology | 0 | 1 | 0 | 0 | 10 | 123 | 123.00 | 0 | 1 | 0.00 | 0.00 |
| Current Events/Modern World - United States social | 0 | 1 | 0 | 1 | 10 | 147 | 147.00 | 0 | 0 | 0.00 | 0.00 |
| Geography - Asia | 0 | 1 | 0 | 0 | 10 | 111 | 111.00 | 0 | 1 | 0.00 | 0.00 |
| History - European | 0 | 1 | 0 | 0 | 10 | 107 | 107.00 | 0 | 1 | 0.00 | 0.00 |
| History - Other | 0 | 1 | 0 | 0 | 10 | 70 | 70.00 | 1 | 1 | 0.00 | 0.00 |
| History - World | 0 | 1 | 0 | 0 | 10 | 114 | 114.00 | 1 | 1 | 0.00 | 0.00 |
| Literature - American any | 0 | 1 | 0 | 0 | 10 | 32 | 32.00 | 1 | 1 | 0.00 | 0.00 |
| Literature - American short fiction | 0 | 1 | 0 | 0 | 10 | 109 | 109.00 | 0 | 0 | 0.00 | 0.00 |
| Literature - European short fiction | 0 | 1 | 0 | 0 | 10 | 80 | 80.00 | 0 | 1 | 0.00 | 0.00 |
| Other Academic/Cross-Category - Any | 0 | 1 | 0 | 0 | 10 | 90 | 90.00 | 1 | 1 | 0.00 | 0.00 |
| Philosophy - 20th century | 0 | 1 | 0 | 0 | 10 | 108 | 108.00 | 0 | 0 | 0.00 | 0.00 |
| Philosophy - Ancient | 0 | 1 | 0 | 1 | 10 | 126 | 126.00 | 0 | 1 | 0.00 | 0.00 |
| Philosophy - Medieval | 0 | 1 | 0 | 0 | 10 | 133 | 133.00 | 0 | 0 | 0.00 | 0.00 |
| Philosophy - Mixed/Any | 0 | 1 | 0 | 0 | 10 | 103 | 103.00 | 0 | 1 | 0.00 | 0.00 |
| Religion - Buddhism | 0 | 1 | 0 | 0 | 10 | 135 | 135.00 | 0 | 0 | 0.00 | 0.00 |
| Literature - World/Misc poetry | 0 | 1 | 0 | 0 | 10 | 141 | 141.00 | 0 | 0 | 0.00 | 0.00 |
| Mythology - Mixed/Any | 0 | 1 | 0 | 0 | 10 | 67 | 67.00 | 1 | 1 | 0.00 | 0.00 |
| Literature - American poetry | 0 | 1 | 1 | 0 | 5 | 91 | 91.00 | 0 | 1 | 0.00 | 0.00 |
| History - American | 0 | 1 | 1 | 0 | 5 | 121 | 121.00 | 0 | 0 | 0.00 | 0.00 |
| Literature - European long fiction | 0 | 1 | 1 | 0 | 5 | 101 | 101.00 | 0 | 0 | 0.00 | 0.00 |
| Geography - Europe | 0 | 0 | 0 | 0 | 0 | | 0.00 | 0 | 0 | 0.00 | 0.00 |
| Literature - World/Misc drama | 0 | 0 | 1 | 0 | -5 | | 0.00 | 0 | 0 | 0.00 | 0.00 |
| Religion - Islam | 0 | 0 | 1 | 0 | -5 | | 0.00 | 0 | 0 | 0.00 | 0.00 |